La guerra injusta y otros estudios / (Record n. 29420)
[ formato base ]
| 000 -LEADER | |
|---|---|
| fixed length control field | 00761nam a2200229 i 4500 |
| 003 - CONTROL NUMBER IDENTIFIER | |
| control field | IT-RoINE |
| 005 - DATE AND TIME OF LATEST TRANSACTION | |
| control field | 20190306071941.0 |
| 008 - FIXED-LENGTH DATA ELEMENTS--GENERAL INFORMATION | |
| fixed length control field | 940930s1948 sp |r 000|||spa|d |
| 040 ## - CATALOGING SOURCE | |
| Original cataloging agency | SpMaBN |
| Transcribing agency | SpMaBN IT-RoINE |
| Modifying agency | IT-RoINE |
| 100 1# - MAIN ENTRY--PERSONAL NAME | |
| Personal name | Palacio Valdés, Armando, |
| Dates associated with a name | 1853-1938 |
| 9 (RLIN) | 57676 |
| 240 13 - UNIFORM TITLE | |
| Uniform title | La guerra injusta. |
| 245 13 - TITLE STATEMENT | |
| Title | La guerra injusta y otros estudios / |
| Statement of responsibility, etc | Armando Palacio Valdés. |
| 250 ## - EDITION STATEMENT | |
| Edition statement | Ed. definitiva |
| 260 ## - PUBLICATION, DISTRIBUTION, ETC. (IMPRINT) | |
| Place of publication, distribution, etc | Madrid : |
| Name of publisher, distributor, etc | Fax, |
| Date of publication, distribution, etc | [1948] |
| 300 ## - PHYSICAL DESCRIPTION | |
| Extent | 180 p. ; |
| Dimensions | 20 cm. |
| 336 ## - CONTENT TYPE | |
| Source | rdacontent |
| Content type term | text |
| 337 ## - MEDIA TYPE | |
| Source | rdamedia |
| Media type term | unmediated |
| 338 ## - CARRIER TYPE | |
| Source | rdacarrier |
| Carrier type term | volume |
| 490 1# - SERIES STATEMENT | |
| Series statement | Obras Completas de Don Armando Palacio Valdés ; |
| Volume number/sequential designation | 23 |
| 830 #0 - SERIES ADDED ENTRY--UNIFORM TITLE | |
| Uniform title | Obras completas de Don Armando Palacio Valdés ; |
| 9 (RLIN) | 57677 |
| Volume number/sequential designation | 23 |
| 942 ## - ADDED ENTRY ELEMENTS (KOHA) | |
| Item type | Monografías |
| Withdrawn status | Lost status | Damaged status | Not for loan | Home library | Current library | Date acquired | Total Checkouts | Full call number | Barcode | Date last seen | Price effective from | Koha item type |
|---|---|---|---|---|---|---|---|---|---|---|---|---|
| Iglesia Nacional Española en Roma | Iglesia Nacional Española en Roma | 06/03/2019 | LEN.LIT 1250 | 55325 | 06/03/2019 | 06/03/2019 | Monografías |